Diccionario histórico del antiguo Egipto
Gorde:
| Egile nagusia: | |
|---|---|
| Formatua: | Liburua |
| Hizkuntza: | gaztelania |
| Argitaratua: |
Madrid
Alianza
1993
|
| Saila: | <El >Libro de Bolsillo. Sección Humanidades, 1635
|
| Gaiak: | |
| Etiketak: |
Etiketa erantsi
Etiketarik gabe, Izan zaitez lehena erregistro honi etiketa jartzen!
|
MARC
| LEADER | 00000nam a2200000 a 4500 | ||
|---|---|---|---|
| 001 | UCU1753 | ||
| 003 | CL-VaPUC | ||
| 008 | 960412e19930000SP |||||||||||||||||spa|d | ||
| 082 | 0 | 4 | |a 932.03 |b VID |2 21 |
| 100 | 0 | |a Vidal Manzanares, César |e author |9 357486 | |
| 245 | 1 | 0 | |a Diccionario histórico del antiguo Egipto |
| 300 | |a 209 p | ||
| 942 | |c BK | ||
| 945 | |d 19960412 00:00:00 |a rleighto | ||
| 260 | |a Madrid |b Alianza |c 1993 | ||
| 650 | 0 | |a Historia |9 255047 | |
| 650 | 0 | |a Historia antigua |9 267521 | |
| 650 | 0 | |a Diccionarios |9 256200 | |
| 651 | 0 | |a Egipto |9 268199 | |
| 583 | |a last modification |c 19960412 00:00:00 |k Rodrigo Vera | ||
| 490 | 0 | |a <El >Libro de Bolsillo. Sección Humanidades, 1635 | |
| 999 | |c 246267 |d 246265 | ||
| 952 | |0 0 |1 0 |4 0 |6 932_030000000000000_VID_1993 |7 0 |8 X |9 261092 |a BIBHIS |b BIBHIS |d 2019-11-19 |i 3191249 |o 932.03 VID 1993 |p 3191249 |r 2024-01-30 |w 2019-11-19 |y BK_X |k HIS | ||
| 952 | |0 0 |1 0 |4 0 |6 932_030000000000000_VID_1993 |7 0 |8 X |9 261093 |a BIBHIS |b BIBHIS |d 2019-11-19 |i 3509435 |o 932.03 VID 1993 |p 3509435 |r 2024-01-30 |w 2019-11-19 |y BK_X |k HIS | ||